Countries in the European Union - Statistics

General Stats
  • This quiz has been taken 166 times
  • The average score is 26 of 28
Answer Stats
Answer % Correct
Denmark
99%
Spain
99%
Austria
98%
Sweden
98%
Germany
97%
Greece
97%
Portugal
97%
Belgium
96%
Czech Republic
96%
Finland
96%
France
96%
Hungary
96%
Ireland
96%
Poland
96%
United Kingdom
96%
Italy
95%
Netherlands
95%
Lithuania
94%
Bulgaria
93%
Croatia
93%
Estonia
93%
Luxembourg
93%
Slovakia
93%
Slovenia
93%
Latvia
92%
Romania
92%
Malta
87%
Cyprus
81%
No matching quizzes found
Score Distribution
Percent of People with Each Score
Percentile by Number Answered
Your Score History
You have not taken this quiz